000 00298nam a2200121Ia 4500
008 190216s9999||||xx |||||||||||||| ||und||
100 _aFyodor Dosthoyavaski
245 0 _aHindi- Daridru Narayan Rajath Rathem
260 _bRajana Prakashan
_c2010
300 _a200
650 _aHindi
942 _cBK
999 _c16816
_d16816